<?xml version="1.0" encoding="UTF-8"?>
<record
    xmlns:xsi="http://www.w3.org/2001/XMLSchema-instance"
    xsi:schemaLocation="http://www.loc.gov/MARC21/slim http://www.loc.gov/standards/marcxml/schema/MARC21slim.xsd"
    xmlns="http://www.loc.gov/MARC21/slim">

  <leader>00692nam a2200193Ia 4500</leader>
  <controlfield tag="005">20250511152329.0</controlfield>
  <controlfield tag="008">210303s9999    xx            000 0 und d</controlfield>
  <datafield tag="016" ind1=" " ind2=" ">
    <subfield code="2">reto2022b</subfield>
  </datafield>
  <datafield tag="040" ind1=" " ind2=" ">
    <subfield code="a">NLN</subfield>
    <subfield code="b">English</subfield>
  </datafield>
  <datafield tag="050" ind1=" " ind2=" ">
    <subfield code="a">TL285</subfield>
    <subfield code="b">.N685</subfield>
  </datafield>
  <datafield tag="082" ind1=" " ind2=" ">
    <subfield code="a">629 </subfield>
  </datafield>
  <datafield tag="110" ind1=" " ind2=" ">
    <subfield code="a">Nigerian  Standard Organization </subfield>
    <subfield code="9">46866</subfield>
  </datafield>
  <datafield tag="245" ind1=" " ind2="0">
    <subfield code="a">Road vehicles inspection and tasting procedures for motor vehicle, trailers and semi trailers /</subfield>
    <subfield code="c">edited by Nigerian Standards Organisation</subfield>
  </datafield>
  <datafield tag="260" ind1=" " ind2=" ">
    <subfield code="a">Enugu :</subfield>
    <subfield code="b">Nigerian Standards Organisation, Federal Ministry of Industries,</subfield>
    <subfield code="c">1982</subfield>
  </datafield>
  <datafield tag="300" ind1=" " ind2=" ">
    <subfield code="a">iv, 51p. :</subfield>
    <subfield code="b">illus., ; 21cm.</subfield>
  </datafield>
  <datafield tag="563" ind1=" " ind2=" ">
    <subfield code="a">(pbk)</subfield>
  </datafield>
  <datafield tag="650" ind1=" " ind2=" ">
    <subfield code="a">Motor vehicles</subfield>
    <subfield code="v">Inspection-Nigeria</subfield>
    <subfield code="9">46867</subfield>
  </datafield>
  <datafield tag="942" ind1=" " ind2=" ">
    <subfield code="c">BK</subfield>
  </datafield>
  <datafield tag="999" ind1=" " ind2=" ">
    <subfield code="c">25293</subfield>
    <subfield code="d">25293</subfield>
  </datafield>
  <datafield tag="952" ind1=" " ind2=" ">
    <subfield code="0">0</subfield>
    <subfield code="1">0</subfield>
    <subfield code="2">lcc</subfield>
    <subfield code="4">0</subfield>
    <subfield code="7">0</subfield>
    <subfield code="a">LAG</subfield>
    <subfield code="b">MAIN</subfield>
    <subfield code="d">2021-03-04</subfield>
    <subfield code="l">0</subfield>
    <subfield code="o">TL285 .N685</subfield>
    <subfield code="p">2025-454152</subfield>
    <subfield code="r">2021-03-04 00:00:00</subfield>
    <subfield code="w">2021-03-04</subfield>
    <subfield code="y">BK</subfield>
  </datafield>
</record>
